مكتبة جامعة عجلون الوطنية

فهرس بحث المكتبة

Normal view MARC view
  • الحصانة الدبلوماسية

Entry Topical Term

Number of records used in: 1

001 - CONTROL NUMBER

  • control field: 61327

003 - CONTROL NUMBER IDENTIFIER

  • control field: JO-AjAnu

005 - DATE AND TIME OF LATEST TRANSACTION

  • control field: 20230606084024.0

008 - FIXED-LENGTH DATA ELEMENTS

  • fixed length control field: 230606|| aca||aabn | a|a d

040 ## - CATALOGING SOURCE

  • Original cataloging agency: JO-AjAnu
  • Transcribing agency: JO-AjAnu

150 ## - HEADING--TOPICAL TERM

  • Topical term or geographic name entry element: الحصانة الدبلوماسية

670 ## - SOURCE DATA FOUND

  • Source citation: Work cat.: (JO-AjAnu)31282: اعداد دانا ناصر شنيك؛ إشراف طلال ياسين العيسى , author 61326, الاحكام القانونية الناظمة لمساءلة المبعوث الدبلوماسي=The Regulatory Provisions to prosecute Diplomatic Envoys